People and their bordering countries - Statistics

General Stats
  • This quiz has been taken 30 times
  • The average score is 7 of 16
Answer Stats
Hint Extra Hint Explanation Answer % Correct
Angela Merkel Germany ๐Ÿ‡ฉ๐Ÿ‡ช Poland ๐Ÿ‡ต๐Ÿ‡ฑ
100%
Diego Maradona Argentina ๐Ÿ‡ฆ๐Ÿ‡ท Uruguay ๐Ÿ‡บ๐Ÿ‡พ
88%
Ho Chi Minh Vietnam ๐Ÿ‡ป๐Ÿ‡ณ China ๐Ÿ‡จ๐Ÿ‡ณ
85%
Pablo Escobar Colombia ๐Ÿ‡จ๐Ÿ‡ด Panama ๐Ÿ‡ต๐Ÿ‡ฆ
77%
Neil Young Canada ๐Ÿ‡จ๐Ÿ‡ฆ USA ๐Ÿ‡บ๐Ÿ‡ธ
65%
Angus Young AC/DC guitarist UK ๐Ÿ‡ฌ๐Ÿ‡ง Ireland ๐Ÿ‡ฎ๐Ÿ‡ช
50%
Freddie Mercury Tanzania ๐Ÿ‡น๐Ÿ‡ฟ Kenya ๐Ÿ‡ฒ๐Ÿ‡ผ
50%
Just Fontaine Footballer Morocco ๐Ÿ‡ฒ๐Ÿ‡ฆ Algeria ๐Ÿ‡ฉ๐Ÿ‡ฟ
27%
Yves St. Laurent Algeria ๐Ÿ‡ฉ๐Ÿ‡ฟ Tunisia ๐Ÿ‡น๐Ÿ‡ณ
27%
Alexander McCall Smith Writer Zimbabwe ๐Ÿ‡ฟ๐Ÿ‡ผ Botswana ๐Ÿ‡ง๐Ÿ‡ผ
23%
Boris Johnson USA ๐Ÿ‡บ๐Ÿ‡ธ Mexico ๐Ÿ‡ฒ๐Ÿ‡ฝ
23%
Sรฉgolรจne Royal
Presidential candidate Senegal ๐Ÿ‡ธ๐Ÿ‡ณ The Gambia ๐Ÿ‡ฌ๐Ÿ‡ฒ
15%
Jorge Cadete Celtic footballer Mozambique ๐Ÿ‡ฒ๐Ÿ‡ฟ Swaziland ๐Ÿ‡ธ๐Ÿ‡ฟ
12%
Hugo Weaving Nigeria ๐Ÿ‡ณ๐Ÿ‡ฌ Benin ๐Ÿ‡ง๐Ÿ‡ฏ
8%
Kwity Paye Colts defensive end Guinea-Bissau ๐Ÿ‡ฌ๐Ÿ‡ผ Guinea ๐Ÿ‡ฌ๐Ÿ‡ณ
8%
Richard Dawkins Kenya ๐Ÿ‡ฐ๐Ÿ‡ช Somalia ๐Ÿ‡ธ๐Ÿ‡ด
8%
No matching quizzes found
Score Distribution
Percent of People with Each Score
Percentile by Number Answered
Your Score History
You have not taken this quiz